000 01750nam0a2200337 i 4500
001 RU\NLR\BIBL_A\011076428
005 20260412062837.0
010 _a9785726221410
_92400
021 _aRU
_b2016-16556
_91069
035 _a(NILC)RuMoRGB-008163123
035 _a(NLR Aleph) 011076428
090 _a11301418
_c11301418
100 _a20160322d2015 km y0rusy50 ca
101 0 _arus
102 _aRU
105 _aa|||j|||000yy
200 1 _aАнализ и представление результатов эксперимента
_e[пособие]
_fМ-во образования и науки Российской Федерации, Нац. исслед. ядерный ун-т "МИФИ"
_g[Н. С. Воронова и др.]
_gпод общ. ред. Н. С. Вороновой
210 _aМосква
_cНациональный исследовательский ядерный университет "МИФИ"
_d2015
215 _a120 с.
_cил.
_d20
225 1 _aУчебная книга инженера-физика
320 _aБиблиогр.: с. 118 (10 назв.)
606 _aФизический эксперимент
_jУчебные издания для высших учебных заведений
_xОбработка результатов
_92081904
_3RU\NLR\AUTH\661257910
675 _a519.6
686 1 _aВ3я73-1
702 1 _aВоронова
_bН. С.
_gНина Сергеевна
_4220
_4340
712 0 2 _4570
_a"МИФИ", национальный исследовательский ядерный университет
_cМосква
_9799264
_3RU\NLR\AUTH\8810152245
801 0 _aRU
_bРГБ
_c20160302
_gRCR
942 _cBOOK
980 _aNBR